Pokémon with 4X Weaknesses - Statistics

General Stats
  • This quiz has been taken 8 times
  • The average score is 40 of 269
Answer Stats
Type Pokémon % Correct
Rock Charizard
50%
Rock Charizard (Mega Y)
50%
Flying Chesnaught
50%
Flying Chesnaught (Mega)
50%
Electric Ducklett
50%
Grass Marshtomp
50%
Electric Pelipper
50%
Grass Quagsire
50%
Grass Swampert
50%
Grass Swampert (Mega)
50%
Electric Swanna
50%
Electric Wingull
50%
Grass Wooper
50%
Fighting | Ground Aggron
33%
Flying Breloom
33%
Bug Calyrex
33%
Dark | Flying Calyrex (Shadow Rider)
33%
Water Camerupt
33%
Water Camerupt (Mega)
33%
Poison Cottonee
33%
Electric Cramorant
33%
Flying Decidueye (Hisuian)
33%
Rock Fletchinder
33%
Electric Gyarados
33%
Flying Heracross
33%
Flying Heracross (Mega)
33%
Fighting | Ground Lairon
33%
Bug Malamar
33%
Bug Malamar (Mega)
33%
Electric Mantine
33%
Electric Mantyke
33%
Bug Meowscarada
33%
Rock Moltres
33%
Water Numel
33%
Grass Palpitoad
33%
Fire | Flying Paras
33%
Fire | Flying Parasect
33%
Grass | Water Rhydon
33%
Grass | Water Rhyhorn
33%
Grass | Water Rhyperior
33%
Grass Seismitoad
33%
Rock Talonflame
33%
Fighting Tyranitar
33%
Fighting Tyranitar (Mega)
33%
Poison Whimsicott
33%
Ice Altaria
17%
Fighting | Steel Amaura
17%
Ice Appletun
17%
Ice Applin
17%
Ground | Water Arcanine (Hisuian)
17%
Fighting | Ground Aron
17%
Rock Articuno
17%
Fighting | Steel Aurorus
17%
Fighting Avalugg (Hisuian)
17%
Grass Barboach
17%
Fighting | Ground Bastiodon
17%
Rock Beautifly
17%
Rock Butterfree
17%
Flying Buzzwole
17%
Bug Cacturne
17%
Steel Carbink
17%
Ground Carkol
17%
Rock Centiskorch
17%
Ground Coalossal
17%
Rock Combee
17%
Psychic Croagunk
17%
Ice Dartrix
17%
Ice Dipplin
17%
Ice Dragonite
17%
Ice Dragonite (Mega)
17%
Bug Exeggcute
17%
Bug Exeggutor
17%
Ice Exeggutor (Alolan)
17%
Ice Flapple
17%
Ice Flygon
17%
Rock Frosmoth
17%
Ice Garchomp
17%
Ice Garchomp (Mega)
17%
Grass Gastrodon
17%
Grass | Water Geodude
17%
Ground Geodude (Alolan)
17%
Ice Gligar
17%
Ice Gliscor
17%
Grass | Water Golem
17%
Ground Golem (Alolan)
17%
Grass | Water Graveler
17%
Ground Graveler (Alolan)
17%
Ground | Water Growlithe (Hisuian)
17%
Fairy Guzzlord
17%
Fairy Hakamo-o
17%
Rock Ho-Oh
17%
Dark | Flying Hoopa (Confined)
17%
Bug Hoopa (Unbound)
17%
Ice Hydrapple
17%
Fairy Hydreigon
17%
Bug Inkay
17%
Fairy Kommo-o
17%
Ice Landorus (Incarnate)
17%
Ice Landorus (Therian)
17%
Rock Larvesta
17%
Grass | Water Larvitar
17%
Fire | Flying Leavanny
17%
Rock Ledian
17%
Rock Ledyba
17%
Flying Lilligant (Hisuian)
17%
Dark | Flying Lunala
17%
Rock Mothim
17%
Bug Nuzleaf
17%
Psychic Okidogi
17%
Grass | Water Onix
17%
Rock Oricorio (Baile Style)
17%
Flying Pheromosa
17%
Grass | Water Pupitar
17%
Ice Rowlet
17%
Ice Salamence
17%
Ice Salamence (Mega)
17%
Fighting | Fire Sandshrew (Alolan)
17%
Fighting | Fire Sandslash (Alolan)
17%
Ice Sceptile (Mega)
17%
Fire Scizor
17%
Fire Scizor (Mega)
17%
Fire | Flying Sewaddle
17%
Fighting | Ground Shieldon
17%
Bug Shiftry
17%
Rock Sizzlipede
17%
Fighting Sneasel
17%
Psychic Sneasel (Hisuian)
17%
Psychic Sneasler
17%
Rock Snom
17%
Fire | Flying Swadloon
17%
Poison Tapu Bulu
17%
Ice Torterra
17%
Psychic Toxicroak
17%
Rock Vespiquen
17%
Ice Vibrava
17%
Flying Virizion
17%
Rock Vivillon
17%
Rock Volcarona
17%
Grass Whiscash
17%
Bug Wo-Chien
17%
Rock Yanma
17%
Rock Yanmega
17%
Bug Zarude
17%
Ice Zygarde (10%)
17%
Ice Zygarde (100%)
17%
Ice Zygarde (50%)
17%
Ice Zygarde (Mega)
17%
Fire Abomasnow
0%
Fire Abomasnow (Mega)
0%
Grass Barbaracle
0%
Grass Binacle
0%
Fighting Bisharp
0%
Bug Brute Bonnet
0%
Grass Carracosta
0%
Bug Celebi
0%
Fighting Chien-Pao
0%
Grass Corsola
0%
Fairy Deino
0%
Rock Delibird
0%
Steel Diancie
0%
Steel Diancie (Mega)
0%
Grass Drednaw
0%
Fire Durant
0%
Fire Escavalier
0%
Fire Ferroseed
0%
Fire Ferrothorn
0%
Fire Forretress
0%
Ice Gabite
0%
Fire Genesect
0%
Ice Gible
0%
Ground Glimmet
0%
Ground Glimmora
0%
Ground Glimmora (Mega)
0%
Fire Golisopod (Mega)
0%
Ground Heatran
0%
Ground Heatran (Mega)
0%
Ice Hoppip
0%
Bug Iron Leaves
0%
Ground Iron Moth
0%
Ground Iron Thorns
0%
Ice Jumpluff
0%
Grass Kabuto
0%
Grass Kabutops
0%
Fighting Kingambit
0%
Fairy Koraidon
0%
Fighting Linoone (Galarian)
0%
Ground | Water Magcargo
0%
Ground Magnemite
0%
Ground Magneton
0%
Ground Magnezone
0%
Rock Masquerain
0%
Poison Meganium (Mega)
0%
Poison Morelull
0%
Dark | Flying Necrozma (Dawn Wings)
0%
Ground Nihilego
0%
Steel Ninetales (Alolan)
0%
Rock Ninjask
0%
Ice Noibat
0%
Ice Noivern
0%
Fighting Obstagoon
0%
Grass Omanyte
0%
Grass Omastar
0%
Fairy Pangoro
0%
Fighting Pawniard
0%
Rock Pinsir (Mega)
0%
Fighting | Ground Probopass
0%
Fighting Raticate (Alolan)
0%
Fighting Rattata (Alolan)
0%
Ice Rayquaza
0%
Grass Relicanth
0%
Ground Revavroom
0%
Fairy Roaring Moon
0%
Ground Salandit
0%
Ground Salazzle
0%
Fairy Scrafty
0%
Fairy Scrafty (Mega)
0%
Fairy Scraggy
0%
Rock Scyther
0%
Ice Shaymin (Sky)
0%
Poison Shiinotic
0%
Ice Skiploom
0%
Flying Slither Wing
0%
Fire Snover
0%
Fighting Stakataka
0%
Grass Tirtouga
0%
Ice Toedscool
0%
Ice Toedscruel
0%
Ground Togedemaru
0%
Ground Toxel
0%
Ground Toxtricity
0%
Ice Tropius
0%
Ground Varoom
0%
Fighting Weavile
0%
Fire | Flying Wormadam (Plant Cloak)
0%
Fire Wormadam (Trash Cloak)
0%
Fighting Zigzagoon (Galarian)
0%
Fairy Zweilous
0%
No matching quizzes found
Score Distribution
Percent of People with Each Score
Percentile by Number Answered
Your Score History
You have not taken this quiz